[Event "Tournoi Skype 029B"]
[Site "Skype"]
[Date "????.??.??"]
[Round "7.28"]
[White "Hernandez Monzon, Alejandro"]
[Black "Hernandez, Enrique"]
[Result "1-0"]
[WhiteElo "1239"]
[BlackElo "1128"]
[PlyCount "47"]

1. d4 d5 2. c4 c6 3. e3 e6 4. Nc3 Nf6 5. Nf3 Be7 6. Bd3 O-O 7. O-O Nbd7 8. e4
dxc4 9. Bxc4 Nb6 10. Bb3 Bb4 11. e5 Bxc3 12. exf6 Qxf6 13. bxc3 Nd5 14. Bxd5
cxd5 15. Bg5 Qg6 16. Re1 f6 17. Bf4 Bd7 18. Bd6 Rfe8 19. Nh4 Qg4 20. Qxg4 f5
21. Qg5 Bb5 22. Rab1 Bc6 23. Be5 g6 24. Qf6 1-0

[Event "Tournoi Skype 029B"]
[Site "Skype"]
[Date "????.??.??"]
[Round "7.29"]
[White "Talwalkar, Omkar Sameer"]
[Black "De Nobrega, George"]
[Result "0-1"]
[WhiteElo "1000"]
[BlackElo "1205"]
[PlyCount "62"]

1. e4 e5 2. Nf3 Nc6 3. Bc4 a6 4. d4 exd4 5. Nxd4 Nxd4 6. Qxd4 d6 7. Nc3 Nf6 8.
Bf4 Be7 9. O-O-O O-O 10. f3 h6 11. g4 c5 12. Qf2 Bd7 13. Bxd6 Bxd6 14. Rxd6 Qc7
15. Rhd1 Rfd8 16. e5 Ne8 17. R6d2 b5 18. Be2 Rab8 19. Ne4 c4 20. Nc5 Rbc8 21.
Nxd7 c3 22. bxc3 Qxc3 23. Qd4 b4 24. Qxc3 bxc3 25. Rd4 Rc6 26. Nf6+ gxf6 27.
Rxd8 Re6 28. exf6 Rxf6 29. Rxe8+ Kg7 30. Rd7 Kg6 31. Rg8+ Kh7 0-1

[Event "Tournoi Skype 029B"]
[Site "Skype"]
[Date "????.??.??"]
[Round "7.31"]
[White "Chavez Cruz, Isidro"]
[Black "Nakamura, Seiichi"]
[Result "1-0"]
[WhiteElo "1190"]
[BlackElo "1005"]
[PlyCount "75"]

1. e4 c6 2. d4 d5 3. e5 Bf5 4. Bg5 h6 5. Bh4 Qb6 6. b3 e6 7. Nf3 Ne7 8. h3 Bg6
9. c4 c5 10. Be2 Bxb1 11. Rxb1 Nf5 12. dxc5 Bxc5 13. O-O Nxh4 14. Nxh4 d4 15.
Bd3 Nc6 16. f4 O-O-O 17. Kh1 Kb8 18. Qh5 Rd7 19. Qe2 g5 20. fxg5 hxg5 21. Nf3
g4 22. Ng5 gxh3 23. gxh3 Qc7 24. b4 Nxb4 25. Rbd1 Nc6 26. Ne4 Rxh3+ 27. Kg2 Re3
28. Qh5 Nxe5 29. Nxc5 Qxc5 30. Qh8+ Kc7 31. Bb1 Qxc4 32. Rc1 Rc3 33. Qxe5+ Rd6
34. Rxf7+ Kc6 35. Be4+ Rd5 36. Bxd5+ Qxd5+ 37. Qxd5+ Kxd5 38. Rxc3 1-0

[Event "Tournoi Skype 029B"]
[Site "Skype"]
[Date "????.??.??"]
[Round "7.33"]
[White "Vincent, Andre"]
[Black "Tolaro, Filippa"]
[Result "1/2-1/2"]
[WhiteElo "1377"]
[BlackElo "1086"]
[PlyCount "75"]

1. d4 d5 2. c4 Nf6 3. Nc3 c6 4. Nf3 Bf5 5. e3 e6 6. Bd3 Bxd3 7. Qxd3 Bd6 8. O-O
Nbd7 9. Re1 O-O 10. e4 dxe4 11. Nxe4 Nxe4 12. Qxe4 Nf6 13. Qe2 h6 14. a3 Re8
15. b4 b5 16. c5 Bc7 17. Bb2 a5 18. Bc3 axb4 19. axb4 Rxa1 20. Rxa1 Qd5 21. Nd2
Qh5 22. Qxh5 Nxh5 23. g3 Nf6 24. f3 Nd5 25. Nb1 Nxc3 26. Nxc3 e5 27. Ra7 Bb8
28. Rd7 exd4 29. Nxb5 cxb5 30. Rxd4 g5 31. Kf2 f5 32. h3 Kf8 33. Rd7 f4 34. g4
Be5 35. Rd3 Bb2 36. Kf1 Bc1 37. Rd1 Ba3 38. Rd4 1/2-1/2

[Event "Tournoi Skype 029B"]
[Site "Skype"]
[Date "????.??.??"]
[Round "7.34"]
[White "Ruiz Aguilera, Juan Jesus"]
[Black "Scata, Laura"]
[Result "0-1"]
[WhiteElo "1083"]
[BlackElo "1366"]
[PlyCount "126"]

1. e4 c6 2. d4 d5 3. exd5 cxd5 4. Nc3 Nc6 5. Bf4 Nf6 6. Nf3 Bg4 7. Be2 e6 8. a3
Qb6 9. Rb1 Bxf3 10. Bxf3 Qxd4 11. Qxd4 Nxd4 12. Bd1 Kd7 13. Be5 Bd6 14. Bxd4 b6
15. Bxf6 gxf6 16. Bf3 Rac8 17. Rc1 Bf4 18. Rd1 Be5 19. Rd3 d4 20. Nb5 Rxc2 21.
Nxd4 Rc1+ 22. Rd1 Rxd1+ 23. Kxd1 Bxd4 24. Kc2 Rc8+ 25. Kb3 Bxf2 26. Rd1+ Ke7
27. Rd2 Be3 28. Rd3 Bf4 29. h3 Rc1 30. Be4 h6 31. Rf3 Bg5 32. Rg3 Re1 33. Bc6
Rc1 34. Be4 e5 35. Bc2 Ke6 36. Rc3 Kd6 37. Rd3+ Ke6 38. Rc3 Re1 39. Rc7 Re3+
40. Kc4 Re2 41. Kb3 Rxg2 42. Rxa7 Rg3+ 43. Kc4 Be3 44. Ra6 Rxh3 45. a4 Rh4+ 46.
Kb5 Rh5 47. a5 e4+ 48. Kc6 Rxa5 49. Rxa5 bxa5 50. Bxe4 f5 51. Bf3 Ke5 52. Kb5
Bd2 53. b3 Kf4 54. Bh5 f6 55. Kc4 Kg5 56. Bf3 f4 57. Kd3 Be3 58. Ke2 Kh4 59.
Kf1 Kg3 60. Bd5 h5 61. Ke2 h4 62. Kf1 f3 63. Ba8 h3 0-1

[Event "Tournoi Skype 029B"]
[Site "Skype"]
[Date "????.??.??"]
[Round "7.35"]
[White "Duthoit, Bernard"]
[Black "Dib, Catherine"]
[Result "1-0"]
[WhiteElo "1338"]
[BlackElo "1052"]
[PlyCount "37"]

1. e4 c5 2. c3 d6 3. Nf3 Nf6 4. g3 g6 5. Bg2 Bg7 6. O-O O-O 7. Re1 Nbd7 8. d4
cxd4 9. cxd4 e5 10. Nc3 b6 11. Bg5 Bb7 12. Nb5 Qe7 13. Rc1 Rfc8 14. Rxc8+ Bxc8
15. Qc1 Bb7 16. Qc7 Ba6 17. Nxd6 Qd8 18. Rc1 Bd3 19. dxe5 1-0

[Event "Tournoi Skype 029B"]
[Site "Skype"]
[Date "????.??.??"]
[Round "7.36"]
[White "Crocioni, Luca"]
[Black "Ibanez, Bittor"]
[Result "1-0"]
[WhiteElo "1068"]
[BlackElo "1330"]
[PlyCount "113"]

1. e4 c5 2. Bc4 e6 3. Nf3 Nf6 4. e5 Nd5 5. Bxd5 exd5 6. O-O Nc6 7. d4 cxd4 8.
Nxd4 Nxe5 9. Qe2 Qc7 10. Bf4 d6 11. Nc3 Qc4 12. Rad1 Bg4 13. f3 Qxe2 14. Ndxe2
Be6 15. Nd4 Nc4 16. Nxe6 fxe6 17. Rfe1 Kd7 18. b3 Nb6 19. a4 Rc8 20. Nb5 Rxc2
21. Nxa7 e5 22. Bg3 d4 23. Nb5 Nd5 24. f4 Ne3 25. Rd3 Rxg2+ 26. Kh1 Rb2 27.
fxe5 d5 28. Nxd4 Ng4 29. e6+ Kd8 30. e7+ Bxe7 31. Ne6+ Kc8 32. Rxd5 Nf2+ 33.
Kg1 Nh3+ 34. Kh1 Nf2+ 35. Bxf2 Rxf2 36. Rc1+ Kb8 37. Rd7 Bf6 38. Rcc7 Ka8 39.
b4 Rc8 40. Rxc8+ Ka7 41. Rc6 Be5 42. a5 Rxh2+ 43. Kg1 Kb8 44. Rb6 Rc2 45.
Rbxb7+ Kc8 46. Rf7 Rc1+ 47. Kg2 Rc2+ 48. Kf3 Rc3+ 49. Ke4 Bd6 50. Rxg7 h5 51.
Rh7 h4 52. Rbf7 Rc4+ 53. Kd5 Rc7 54. Nxc7 Bxc7 55. Rxc7+ Kd8 56. Kd6 h3 57.
Rh8# 1-0

[Event "Tournoi Skype 029B"]
[Site "Skype"]
[Date "????.??.??"]
[Round "7.37"]
[White "Codina, Teresa"]
[Black "Balci Gungor, Ayca"]
[Result "0-1"]
[WhiteElo "1310"]
[BlackElo "1000"]
[PlyCount "44"]

1. d4 d5 2. Nf3 e6 3. e3 Nc6 4. a3 Bd6 5. Bd3 Nf6 6. Nbd2 O-O 7. b3 Re8 8. Bb2
e5 9. dxe5 Nxe5 10. Nxe5 Bxe5 11. Bxe5 Rxe5 12. O-O c6 13. Nf3 Rh5 14. Be2 Bg4
15. h3 Be6 16. Nd4 Rg5 17. Nxe6 fxe6 18. c4 Ne4 19. Bg4 Qf6 20. Rc1 Rf8 21. Qc2
h5 22. Bf3 Qxf3 0-1

[Event "Tournoi Skype 029B"]
[Site "Skype"]
[Date "????.??.??"]
[Round "7.38"]
[White "Gomez Zuluaga, Jorge Adiel"]
[Black "Yepes Bermudez, Maribel"]
[Result "0-1"]
[WhiteElo "1036"]
[BlackElo "1287"]
[PlyCount "88"]

1. e4 d5 2. e5 Bf5 3. d3 Nc6 4. Nf3 e6 5. Bd2 Bc5 6. Be2 Nge7 7. c3 d4 8. Qc2
O-O 9. O-O h6 10. a3 Ng6 11. b4 Bb6 12. a4 a6 13. Qc1 Ncxe5 14. Bxh6 gxh6 15.
Qxh6 Nxf3+ 16. gxf3 dxc3 17. Nxc3 Qd4 18. Qd2 Bh3 19. Ne4 Bxf1 20. Rxf1 Ne5 21.
Qg5+ Ng6 22. Qh6 Rad8 23. f4 Rd5 24. Bh5 Qg7 25. Qxg7+ Kxg7 26. Bf3 Rxd3 27.
Be2 Rd4 28. a5 Rxe4 29. Bf3 Rxf4 30. Bxb7 Ba7 31. Bxa6 Rxb4 32. Kg2 Nf4+ 33.
Kf3 Rh8 34. Rg1+ Kf6 35. Rh1 Rh3+ 36. Kg4 Ra3 37. h4 Rxa5 38. Bc8 Ng6+ 39. Kg3
Ra3+ 40. Kg2 Nf4+ 41. Kh2 Bxf2 42. Bxe6 fxe6 43. Rc1 Rb2 44. h5 Rh3# 0-1

[Event "Tournoi Skype 029B"]
[Site "Skype"]
[Date "????.??.??"]
[Round "7.39"]
[White "Ramirez, Luis Antonio"]
[Black "Le Bouill, Pierre"]
[Result "1/2-1/2"]
[WhiteElo "1017"]
[BlackElo "1252"]
[PlyCount "78"]

1. c4 Nf6 2. Nc3 c5 3. Qc2 e6 4. Nf3 Nc6 5. e3 Be7 6. Be2 h6 7. O-O O-O 8. d4
d5 9. cxd5 exd5 10. h3 b6 11. Ne5 Bb7 12. f4 cxd4 13. exd4 Nxd4 14. Qd3 Nxe2+
15. Nxe2 Ne4 16. Nf3 Nc5 17. Qc3 Ba6 18. Re1 Ne4 19. Qc2 Rc8 20. Nc3 Bc5+ 21.
Kh2 f5 22. Rd1 Bb7 23. g3 a6 24. a3 Qd6 25. Qg2 Qe6 26. Re1 Rf6 27. Be3 d4 28.
Nxd4 Bxd4 29. Bxd4 Rg6 30. Rad1 Rxg3 31. Qxg3 Nxg3 32. Rxe6 Nh5 33. Re7 Bf3 34.
Rd2 Be4 35. Be5 Kf8 36. Ra7 a5 37. Rd8+ Rxd8 38. Kg1 Nf6 39. Bc7 Rd7 1/2-1/2

[Event "Tournoi Skype 029B"]
[Site "Skype"]
[Date "????.??.??"]
[Round "7.40"]
[White "Mira Poveda, Jose Antonio"]
[Black "Tembhurnekar, Ritu"]
[Result "0-1"]
[WhiteElo "1021"]
[BlackElo "1219"]
[PlyCount "74"]

1. e4 c6 2. d4 d5 3. Nc3 Nd7 4. Nf3 e6 5. Bd3 Bb4 6. Bd2 dxe4 7. Nxe4 Bxd2+ 8.
Qxd2 Qb6 9. O-O Ngf6 10. b3 h6 11. Rfe1 O-O 12. a4 a5 13. Nd6 Qc7 14. Qf4 b6
15. Ne5 Qxd6 16. h3 Bb7 17. Rad1 Qc7 18. Qh4 Rad8 19. Ng4 Nxg4 20. Qxg4 Nf6 21.
Qh4 Nd5 22. Qe4 Nf6 23. Qe3 c5 24. dxc5 Qc6 25. f3 Qxc5 26. Qxc5 bxc5 27. c4
Nh5 28. Be4 Rxd1 29. Rxd1 Bxe4 30. fxe4 Nf4 31. e5 Rb8 32. Rb1 Ne2+ 33. Kf2 Nc3
34. Rc1 Rxb3 35. Rc2 Nxa4 36. Ra2 Rb2+ 37. Rxb2 Nxb2 0-1

[Event "Tournoi Skype 029B"]
[Site "Skype"]
[Date "????.??.??"]
[Round "7.41"]
[White "Barba Cepeda, Julio Cesar"]
[Black "Moraga Vasquez, Michael"]
[Result "0-1"]
[WhiteElo "1204"]
[BlackElo "1008"]
[PlyCount "58"]

1. e4 e5 2. Nf3 Nc6 3. Bc4 Bc5 4. O-O Nf6 5. d3 h6 6. Bb3 O-O 7. c3 d5 8. exd5
Nxd5 9. d4 exd4 10. cxd4 Bb6 11. Bc2 Nf6 12. Bf4 Bg4 13. Qd3 Bxf3 14. gxf3 Nxd4
15. Ba4 Qe7 16. Nd2 Rad8 17. Qc3 Ne2+ 18. Kh1 Nxc3 19. bxc3 Nh5 20. Rae1 Qh4
21. Bg3 Nxg3+ 22. fxg3 Qh3 23. Ne4 Rd5 24. g4 Rd3 25. Bd1 Rfd8 26. Nf2 Bxf2 27.
Rxf2 Rxd1 28. Rfe2 Qxf3+ 29. Kg1 Qxe2 0-1

[Event "Tournoi Skype 029B"]
[Site "Skype"]
[Date "????.??.??"]
[Round "7.42"]
[White "Bellati, Fabio"]
[Black "Milanese, Serge"]
[Result "1-0"]
[WhiteElo "1000"]
[BlackElo "1202"]
[PlyCount "45"]

1. c4 e6 2. Nc3 d5 3. d3 Nf6 4. g3 c6 5. Nf3 Nbd7 6. Bg2 h6 7. O-O Be7 8. Be3
c5 9. d4 dxc4 10. Ne5 Qc7 11. Bf4 Bd6 12. Qa4 O-O 13. Rad1 Bxe5 14. Bxe5 Nxe5
15. dxe5 Ng4 16. Qb5 a6 17. Qxc4 Qxe5 18. Qxg4 Ra7 19. Rd2 b5 20. Rfd1 f6 21.
Rd8 h5 22. Qe4 Qxe4 23. Nxe4 1-0

[Event "Tournoi Skype 029B"]
[Site "Skype"]
[Date "????.??.??"]
[Round "7.43"]
[White "Ruiz Gomez, Luz Alba"]
[Black "Lima Santana, Claudia"]
[Result "1-0"]
[WhiteElo "1190"]
[BlackElo "1000"]
[PlyCount "111"]

1. d4 g6 2. Nf3 d6 3. Bf4 c6 4. e3 Bg7 5. c4 Nd7 6. Nc3 e5 7. Bg3 Ngf6 8. Be2
O-O 9. O-O a6 10. dxe5 dxe5 11. Bxe5 Re8 12. Bf4 Qb6 13. Qd2 Ng4 14. h3 Nh6 15.
Rab1 Nf6 16. Bd3 Be6 17. e4 Qc5 18. Bxh6 Bxc4 19. Bxg7 Kxg7 20. b4 Qd6 21. Bxc4
Qc7 22. Rfe1 Rad8 23. Qg5 h6 24. Qh4 c5 25. b5 Nh5 26. e5 f6 27. exf6+ Nxf6 28.
Rxe8 Rxe8 29. Nd5 Qd6 30. Nh2 Re4 31. Ng4 Rxc4 32. Qxf6+ Qxf6 33. Ngxf6 Rd4 34.
Ne8+ Kf7 35. Nec7 g5 36. Ne3 Re4 37. Rd1 c4 38. Rd7+ Re7 39. Rxe7+ Kxe7 40.
Nxc4 Kd7 41. Nd5 axb5 42. Nc3 bxc4 43. f4 gxf4 44. Kf2 Kc6 45. a3 b5 46. Kf3
Kc5 47. Kxf4 Kd4 48. Nxb5+ Kc5 49. Nc3 Kd4 50. Na2 c3 51. a4 c2 52. a5 Kd3 53.
a6 Kd2 54. a7 c1=Q 55. Nxc1 Kxc1 56. a8=Q 1-0

[Event "Tournoi Skype 029B"]
[Site "Skype"]
[Date "????.??.??"]
[Round "7.44"]
[White "Huerta Lopez, Cesar Rogelio"]
[Black "Linares Vernet, Ana"]
[Result "0-1"]
[WhiteElo "1000"]
[BlackElo "1171"]
[PlyCount "164"]

1. e4 e5 2. Nf3 d6 3. Be2 Nf6 4. Nc3 Be7 5. O-O Nbd7 6. d4 exd4 7. Nxd4 Ne5 8.
h3 O-O 9. Nf3 a6 10. Bg5 Nc6 11. Bc4 Ne5 12. Bb3 b5 13. Bd5 Rb8 14. Re1 Bb7 15.
Qd2 h6 16. Bf4 Nxf3+ 17. gxf3 Bxd5 18. exd5 Nh7 19. Re2 Bg5 20. Rae1 Bxf4 21.
Qxf4 Qg5+ 22. Qxg5 Nxg5 23. Kg2 Nh7 24. Re7 Rbc8 25. f4 Nf6 26. Ne4 Nxd5 27.
Kf3 Nxe7 28. Ng3 Nc6 29. c3 Rfe8 30. Rg1 Ne7 31. f5 f6 32. Kf4 Nd5+ 33. Kf3 Kf7
34. Nh5 Rg8 35. Ke4 Ne7 36. Nf4 g6 37. fxg6+ Nxg6 38. Nd5 Ne5 39. Rd1 Rg2 40.
f4 Re2+ 41. Kf5 Nd7 42. Rd3 Rxb2 43. a3 Re2 44. h4 Nc5 45. Rd4 Ne6 46. Rd3 Rg8
47. Nxf6 Rgg2 48. Nh5 Nc5 49. Rd5 Ne4 50. a4 Nxc3 51. Rd4 Nxa4 52. Rd3 Rc2 53.
Ng3 Rc5+ 54. Kg4 h5+ 55. Kf3 Rg1 56. Ne4 Rc6 57. Ng5+ Kf6 58. Re3 Rc3 59. Ne4+
Kf7 60. Nxc3 Nxc3 61. Rxc3 c5 62. Rd3 Ke6 63. Kf2 Rg7 64. Re3+ Kf6 65. Ra3 Ra7
66. Rd3 Ke6 67. Re3+ Kf5 68. Kf3 c4 69. Re8 c3 70. Rf8+ Kg6 71. f5+ Kg7 72. Rc8
b4 73. Re8 c2 74. Re1 b3 75. Rg1+ Kf7 76. Rg5 b2 77. Rxh5 Ra8 78. Rh7+ Kf6 79.
Ke4 c1=Q 80. Rd7 b1=Q+ 81. Kf3 Qc6+ 82. Kg4 Qxd7 0-1

[Event "Tournoi Skype 029B"]
[Site "Skype"]
[Date "????.??.??"]
[Round "7.46"]
[White "Strydom, Brett"]
[Black "Barrionuevo, Hilario"]
[Result "1/2-1/2"]
[WhiteElo "1000"]
[BlackElo "1132"]
[PlyCount "64"]

1. e4 e5 2. Bc4 Nc6 3. Nc3 a6 4. d3 h6 5. a4 Nf6 6. f4 d6 7. Nf3 Bg4 8. O-O Nd4
9. fxe5 dxe5 10. Nd5 Nxd5 11. Bxd5 c6 12. Ba2 Bc5 13. Kh1 O-O 14. c3 Nxf3 15.
gxf3 Bh5 16. b4 Be7 17. Rg1 g5 18. Be3 Bf6 19. d4 Qc7 20. Qf1 Rae8 21. Qh3 exd4
22. cxd4 Bg6 23. Qxh6 Rxe4 24. Bxg5 Qd6 25. Bxf7+ Rxf7 26. Qxg6+ Rg7 27. Qxf6
Re6 28. Qd8+ Kh7 29. Qxd6 Rxd6 30. Rad1 Rdg6 31. f4 Rf7 32. Rdf1 Rf5 1/2-1/2

[Event "Tournoi Skype 029B"]
[Site "Skype"]
[Date "????.??.??"]
[Round "7.47"]
[White "Ortis, Yves"]
[Black "Teixeira De Queiroz, Glaucia"]
[Result "1-0"]
[WhiteElo "1096"]
[BlackElo "1000"]
[PlyCount "69"]

1. d4 g6 2. e4 Bg7 3. e5 d6 4. Bf4 Bd7 5. Nc3 Bc6 6. Bc4 e6 7. Nh3 h6 8. exd6
cxd6 9. Qe2 e5 10. d5 Nf6 11. dxc6 bxc6 12. Bd2 O-O 13. O-O-O Nbd7 14. f3 Rb8
15. b3 Nc5 16. Kb2 Na4+ 17. Nxa4 c5 18. Bc3 Nd7 19. Rxd6 Qe7 20. Rhd1 Nb6 21.
Nxc5 Nxc4+ 22. Qxc4 Rbc8 23. Qb5 a6 24. Qa5 Kh7 25. Nd7 Rfd8 26. Nb6 Rxd6 27.
Rxd6 Qxd6 28. Nxc8 Qd7 29. Qxa6 f5 30. Nb6 Qe8 31. Nc4 Qd7 32. Bxe5 Bxe5+ 33.
Nxe5 Qd4+ 34. c3 Qxe5 35. Qa7+ 1-0

[Event "Tournoi Skype 029B"]
[Site "Skype"]
[Date "????.??.??"]
[Round "7.48"]
[White "Hargez, Dany"]
[Black "Hernandez, Ivan"]
[Result "1-0"]
[WhiteElo "1296"]
[BlackElo "1022"]
[PlyCount "55"]

1. e4 c5 2. Nf3 d6 3. d4 Nc6 4. Bb5 Bd7 5. d5 a6 6. Bxc6 bxc6 7. O-O e6 8. Bg5
Qc7 9. c4 Be7 10. Nbd2 Rb8 11. b3 h6 12. Bh4 g5 13. Bg3 exd5 14. cxd5 cxd5 15.
exd5 g4 16. Nh4 Nf6 17. f3 Nxd5 18. Qe1 h5 19. Nc4 Kf8 20. Rd1 Bc6 21. fxg4
hxg4 22. Ng6+ Kg7 23. Nxh8 Kxh8 24. Rxf7 Rb4 25. Bh4 Kg8 26. Qe6 Bd7 27. Qg6+
Kh8 28. Qg7# 1-0

[Event "Tournoi Skype 029B"]
[Site "Skype"]
[Date "????.??.??"]
[Round "7.50"]
[White "Martin, Jean-Claude"]
[Black "Rodgerson, Michael"]
[Result "1-0"]
[WhiteElo "1184"]
[BlackElo "1000"]
[PlyCount "27"]

1. d4 e5 2. dxe5 Nc6 3. Nf3 d5 4. exd6 Bxd6 5. Nc3 Qf6 6. Nd5 Qg6 7. Nxc7+ Bxc7
8. e3 Ba5+ 9. Bd2 Bc7 10. Bc3 Nge7 11. Qd3 Qg4 12. h3 O-O 13. hxg4 Bxg4 14.
Qxh7# 1-0

[Event "Tournoi Skype 029B"]
[Site "Skype"]
[Date "????.??.??"]
[Round "7.51"]
[White "Grib, Jessica"]
[Black "Rodriguez, Nathalie"]
[Result "0-1"]
[WhiteElo "1000"]
[BlackElo "1167"]
[PlyCount "34"]

1. e4 e5 2. Nf3 Nc6 3. Bc4 Nf6 4. Nc3 h6 5. O-O a6 6. a3 Be7 7. d3 d6 8. h3 Nd4
9. Be3 Nxf3+ 10. Qxf3 b5 11. Ba2 Bb7 12. Ne2 d5 13. exd5 Nxd5 14. Qh5 Bf6 15.
c4 g6 16. Qf3 Nxe3 17. fxe3 Bxf3 0-1

[Event "Tournoi Skype 029B"]
[Site "Skype"]
[Date "????.??.??"]
[Round "7.52"]
[White "Herrera, Oscar"]
[Black "Rosenkoetter, David"]
[Result "1-0"]
[WhiteElo "1000"]
[BlackElo "1165"]
[PlyCount "63"]

1. e4 c5 2. Nc3 g6 3. d4 Bg7 4. dxc5 Qa5 5. Qd3 Qxc5 6. Be3 Qb4 7. O-O-O a5 8.
Qc4 Nc6 9. a3 Qxc4 10. Bxc4 e6 11. Nb5 Be5 12. f4 Bb8 13. Nf3 Nf6 14. e5 Ne4
15. Bd3 d5 16. Bxe4 dxe4 17. Nfd4 Bd7 18. Nxc6 Bxc6 19. Bb6 Bxb5 20. Rd8+ Ke7
21. Rxh8 f6 22. Rxh7+ Kf8 23. exf6 Bxf4+ 24. Kb1 Ra6 25. Rxb7 Bd6 26. Rd1 Bc6
27. Ra7 Rxb6 28. Rxd6 e3 29. Rd8+ Be8 30. f7 Rxb2+ 31. Kxb2 e2 32. fxe8=Q# 1-0

[Event "Tournoi Skype 029B"]
[Site "Skype"]
[Date "????.??.??"]
[Round "7.53"]
[White "Yanez, Leticia Jorgelina"]
[Black "Solis, Denis"]
[Result "1-0"]
[WhiteElo "1051"]
[BlackElo "1000"]
[PlyCount "33"]

1. e4 e5 2. Bc4 Nf6 3. Nf3 Nxe4 4. Nc3 h6 5. d3 Nf6 6. Nxe5 d6 7. Nxf7 Qe7+ 8.
Be3 Rg8 9. O-O d5 10. Nxd5 Qxf7 11. Qf3 Bg4 12. Qf4 Be6 13. Nxc7+ Kd8 14. Nxe6+
Ke8 15. Nc7+ Qxc7 16. Qxc7 Rh8 17. Bf7# 1-0

[Event "Tournoi Skype 029B"]
[Site "Skype"]
[Date "????.??.??"]
[Round "7.54"]
[White "Lachin, Roberto"]
[Black "Santamaria Garcia, Jesus"]
[Result "1-0"]
[WhiteElo "1000"]
[BlackElo "1041"]
[PlyCount "63"]

1. e4 e5 2. Nf3 Nc6 3. d4 exd4 4. Nxd4 Nxd4 5. Qxd4 d6 6. e5 g6 7. e6 f6 8. Bc4
Qe7 9. O-O Bxe6 10. Re1 c5 11. Bb5+ Kf7 12. Qd3 Qc7 13. Nc3 c4 14. Qe3 Qe7 15.
Bxc4 Bxc4 16. Qxe7+ Bxe7 17. b3 Ba6 18. Bb2 Nh6 19. h3 Rhe8 20. Nd5 Bd8 21.
Rxe8 Kxe8 22. Re1+ Kf8 23. c4 b5 24. Nb4 Ba5 25. Bc3 Bxb4 26. Bxb4 bxc4 27.
Bxd6+ Kg8 28. bxc4 Bxc4 29. a4 Rd8 30. Be7 Rd7 31. Bxf6 Nf7 32. Re8# 1-0

[Event "Tournoi Skype 029B"]
[Site "Skype"]
[Date "????.??.??"]
[Round "7.55"]
[White "Guillen Andrinal, Pablo"]
[Black "Martins, Rodrigo Baldo"]
[Result "1-0"]
[WhiteElo "1024"]
[BlackElo "1000"]
[PlyCount "51"]

1. e4 e5 2. Bc4 Nf6 3. Nf3 Nc6 4. Ng5 d5 5. exd5 Bd6 6. dxc6 bxc6 7. Nxf7 Qe7
8. Nxh8 Bg4 9. f3 Bh5 10. g4 Bg6 11. Nxg6 hxg6 12. d3 c5 13. Nc3 O-O-O 14. Bg5
Qf8 15. Be6+ Kb8 16. Nb5 Be7 17. c3 c4 18. Bxc4 e4 19. Qa4 Bc5 20. b4 Bb6 21.
Be3 Bxe3 22. d4 Bf2+ 23. Kxf2 e3+ 24. Ke2 Re8 25. Qxa7+ Kc8 26. Qa8+ 1-0

[Event "Tournoi Skype 029B"]
[Site "Skype"]
[Date "????.??.??"]
[Round "7.56"]
[White "Molina Porfirio, Renatta"]
[Black "Latterra, Jeremias"]
[Result "1-0"]
[WhiteElo "1000"]
[BlackElo "1114"]
[PlyCount "57"]

1. d4 Nf6 2. Bf4 d5 3. Nf3 Nc6 4. c3 e6 5. e3 Be7 6. Bd3 O-O 7. h3 Bd6 8. Nbd2
Bxf4 9. exf4 Qd6 10. Ne5 Ne4 11. Nxe4 dxe4 12. Bxe4 Nxd4 13. Qxd4 Qxd4 14. cxd4
Rb8 15. O-O b6 16. Nc6 Ba6 17. Rfd1 Rbe8 18. Rac1 f5 19. Bd3 Bxd3 20. Rxd3 Rf7
21. Nxa7 c5 22. dxc5 Rxa7 23. a3 bxc5 24. Rxc5 Ra4 25. g3 Kf7 26. h4 Ke7 27.
Rc7+ Kf8 28. Rdd7 Re7 29. Rxe7 1-0

[Event "Tournoi Skype 029B"]
[Site "Skype"]
[Date "????.??.??"]
[Round "7.58"]
[White "Molina, Maria Lucia"]
[Black "Hernandez Lopez, Joaquin"]
[Result "0-1"]
[WhiteElo "1000"]
[BlackElo "1046"]
[PlyCount "38"]

1. Nf3 Nc6 2. c4 e5 3. Nc3 Nf6 4. d3 Bb4 5. Bg5 Nd4 6. Qc2 Nxc2+ 7. Kd2 Nxa1 8.
Ke1 Nc2+ 9. Kd1 Nd4 10. e3 Nxf3 11. gxf3 h6 12. Bh4 g5 13. Bg3 Bd6 14. Nd5 Nh5
15. Bh3 Nxg3 16. hxg3 b6 17. d4 Bb7 18. e4 Bxd5 19. exd5 O-O 0-1

[Event "Tournoi Skype 029B"]
[Site "Skype"]
[Date "????.??.??"]
[Round "7.60"]
[White "Vasquez Donaire, Ivis Godofredo"]
[Black "Schnell, Nicolas"]
[Result "1-0"]
[WhiteElo "1000"]
[BlackElo "1003"]
[PlyCount "55"]

1. e4 e5 2. Nf3 Nc6 3. Bb5 a6 4. Ba4 b5 5. Bb3 Nf6 6. d3 Bc5 7. O-O O-O 8. c3
Be7 9. Bc2 d5 10. Nbd2 Bg4 11. h3 Bh5 12. d4 exd4 13. cxd4 Nxe4 14. Nxe4 dxe4
15. Bxe4 Qd6 16. Qd3 Nb4 17. Bxh7+ Kh8 18. Qf5 g6 19. Qb1 Rae8 20. Bg5 f6 21.
g4 fxg5 22. gxh5 Qf6 23. hxg6 Qxf3 24. g7+ Kxg7 25. Qg6+ Kh8 26. Qh6 Qf4 27.
Bg6+ Kg8 28. Qh7# 1-0

[Event "Tournoi Skype 029B"]
[Site "Skype"]
[Date "????.??.??"]
[Round "7.61"]
[White "Parravano, Luca"]
[Black "Cifuentes, Jorge Mario"]
[Result "1-0"]
[WhiteElo "1000"]
[BlackElo "1000"]
[PlyCount "69"]

1. d4 d5 2. Nf3 Nc6 3. Bf4 Nf6 4. e3 e6 5. Bd3 h6 6. c3 g5 7. Bg3 Bg7 8. h3 Nh5
9. Bh2 b6 10. g4 Nf6 11. Nbd2 Qd7 12. Qa4 a6 13. Ne5 Nxe5 14. Qxd7+ Bxd7 15.
Bxe5 Rg8 16. Bxc7 b5 17. b4 a5 18. Bxa5 Rf8 19. Bb6 Ra3 20. Bc5 Rh8 21. Nb1 Ra8
22. a3 Bc6 23. Nd2 e5 24. f3 Nd7 25. Bd6 Bf8 26. Bxe5 Rg8 27. e4 f6 28. exd5
Nxe5 29. dxe5 Bd7 30. e6 Ke7 31. exd7 Kxd7 32. Bxb5+ Kd6 33. Bc6 Rc8 34. Ne4+
Kc7 35. Kd2 1-0

[Event "Tournoi Skype 029B"]
[Site "Skype"]
[Date "????.??.??"]
[Round "7.62"]
[White "Colangelo, Michele"]
[Black "Schllosser, Marcos Antonio"]
[Result "1-0"]
[WhiteElo "1000"]
[BlackElo "1000"]
[PlyCount "83"]

1. e4 g6 2. Nc3 Bg7 3. d4 d6 4. Nf3 Nf6 5. e5 dxe5 6. Nxe5 O-O 7. Bc4 e6 8. Bg5
h6 9. Bh4 Nbd7 10. Nf3 c6 11. O-O b5 12. Bd3 Bb7 13. Re1 Re8 14. Ne2 a6 15. c4
Qc7 16. Bg3 Qb6 17. c5 Qa5 18. a3 Nh5 19. b4 Ndf6 20. bxa5 Nxg3 21. Nxg3 Rab8
22. Ne5 Rbc8 23. Rb1 h5 24. Ne4 Nxe4 25. Bxe4 Rcd8 26. a4 bxa4 27. Rxb7 a3 28.
Nxf7 Rc8 29. Nd6 a2 30. Nxe8 Rxe8 31. Bxc6 Rc8 32. Bd7 Rd8 33. Bxe6+ Kh8 34.
Rd7 Rb8 35. Bxa2 Rb5 36. Rd8+ Kh7 37. Bg8+ Kh6 38. Qd2+ g5 39. Rd6+ Bf6 40.
Rxf6+ Kg7 41. Qxg5+ Kh8 42. Rh6# 1-0

[Event "Tournoi Skype 029B"]
[Site "Skype"]
[Date "????.??.??"]
[Round "7.63"]
[White "Elvira Sanchez, Adalberto"]
[Black "Trapletti, Cosetta"]
[Result "0-1"]
[WhiteElo "1000"]
[BlackElo "1000"]
[PlyCount "80"]

1. c4 e5 2. g3 c5 3. Bg2 Nf6 4. Nc3 Nc6 5. Nf3 d6 6. d3 Be7 7. O-O O-O 8. e4
Be6 9. Ng5 Qd7 10. Nxe6 Qxe6 11. Bd2 d5 12. cxd5 Nxd5 13. exd5 Qf5 14. dxc6
bxc6 15. Bxc6 Rad8 16. Nd5 Bd6 17. Ba5 Rc8 18. Bd7 Qxd7 19. Rc1 Qb5 20. Bc7
Qxb2 21. Rc2 Qd4 22. Bxd6 Qxd5 23. Bxf8 Rxf8 24. Qd2 f6 25. Rfc1 e4 26. Rxc5
Qe6 27. dxe4 f5 28. Rc6 Qe8 29. Rc7 h6 30. Qd7 Qg6 31. Rc8 Qg5 32. Rxf8+ Kxf8
33. Rc7 Kg8 34. Qe8+ Kh7 35. Qe6 h5 36. Qf7 h4 37. e5 h3 38. e6 Qg4 39. e7 Qf3
40. e8=Q Qg2# 0-1

[Event "Tournoi Skype 029B"]
[Site "Skype"]
[Date "????.??.??"]
[Round "7.64"]
[White "Fuentes, Francisco"]
[Black "Wildt, Gerti"]
[Result "1/2-1/2"]
[WhiteElo "1000"]
[BlackElo "1000"]
[PlyCount "121"]

1. e4 c5 2. Nf3 g6 3. d4 cxd4 4. Nxd4 Bg7 5. Nf3 Nc6 6. c3 Nf6 7. Nbd2 O-O 8.
e5 Nd5 9. Bc4 Nb6 10. Bb3 d6 11. O-O dxe5 12. Nc4 Qc7 13. Be3 Rd8 14. Qe2 Bg4
15. Nxb6 axb6 16. Qc4 e6 17. Qxg4 Ne7 18. Qh4 Nf5 19. Qe4 Nxe3 20. Qxe3 f6 21.
Qe4 f5 22. Qc4 Qxc4 23. Bxc4 Re8 24. Ng5 h6 25. Nxe6 Rac8 26. Nxg7+ Kxg7 27.
Bb5 Rf8 28. f3 Rc5 29. Bd3 Rd5 30. Bc4 Rc5 31. Bb3 h5 32. h4 g5 33. g3 gxh4 34.
gxh4 Rc6 35. Rad1 Rg6+ 36. Kf2 b5 37. Rd7+ Kh6 38. Rxb7 e4 39. Bd5 exf3 40.
Bxf3 Rd8 41. Rxb5 Rd2+ 42. Ke3 Rh2 43. Rxf5 Rxh4 44. Bxh5 Rxh5 45. Rxh5+ Kxh5
46. b4 Ra6 47. b5 Rxa2 48. Rf5+ Kg6 49. Rd5 Rc2 50. Kd3 Rh2 51. b6 Rh3+ 52. Kd4
Rh4+ 53. Ke5 Rh5+ 54. Ke6 Rxd5 55. Kxd5 Kf7 56. b7 Ke8 57. b8=Q+ Ke7 58. Qb6
Kf7 59. Ke5 Ke7 60. Qe6+ Kf8 61. Kf6 1/2-1/2